| 000 | 01036cam a2200313 a 4500 | ||
|---|---|---|---|
| 001 | 2900 | ||
| 005 | 20250826140604.0 | ||
| 020 | _a9780439560108 | ||
| 040 |
_aUWB _cUWB _dOCLCQ _dDLC _beng |
||
| 050 | 0 | 0 |
_aQA113.P3452 _b2003 |
| 082 | 0 | 0 | _a513.211 |
| 100 | 1 | _aPallotta, Jerry | |
| 245 | 1 | 0 |
_aIcky bug numbers 123/ _cby Pallotta, : illustrated by Briedrzy, David and Bolster, Rob |
| 246 | 3 | _aIcky bug numbers 1 2 3 4 5 | |
| 246 | 3 | _aIcky bug numbers one, two, three, four, five | |
| 250 | _aFirst printing, November 2003 | ||
| 260 |
_aNew York : _bScholastic, _c2003 |
||
| 300 |
_a30 unnumbered pages : _bcolor illustrations ; _c21 cm. |
||
| 505 | _aJ | ||
| 520 | _aUses insects to teach numbers. | ||
| 521 |
_a450
_bLexile |
||
| 521 |
_aJ
_bRaz-Plus |
||
| 650 | 0 |
_aCounting _vJuvenile literature. |
|
| 650 | 0 |
_aInsects _vJuvenile literature. |
|
| 700 | 1 |
_aBiedrzycki, David, _eillustrator |
|
| 700 | 1 |
_aBolster, Rob, _eillustrator |
|
| 906 |
_a7 _bcbc _ccopycat _d2 _encip _f20 _gy-gencatlg |
||
| 942 |
_2ddc _cBK _n0 |
||
| 999 |
_c2900 _d2900 |
||